<?xml version="1.0" encoding="UTF-8"?>
<record
    xmlns:xsi="http://www.w3.org/2001/XMLSchema-instance"
    xsi:schemaLocation="http://www.loc.gov/MARC21/slim http://www.loc.gov/standards/marcxml/schema/MARC21slim.xsd"
    xmlns="http://www.loc.gov/MARC21/slim">

  <leader>00352    a2200109   4500</leader>
  <controlfield tag="001">ART_2625</controlfield>
  <controlfield tag="005">20260410161728.0</controlfield>
  <controlfield tag="008">260409a                                 </controlfield>
  <datafield tag="245" ind1="1" ind2="0">
    <subfield code="a">Las hipotecas de mala calidad y la crisis financiera internacional</subfield>
  </datafield>
  <datafield tag="100" ind1="1" ind2=" ">
    <subfield code="a">Gastaldi, Santiago</subfield>
  </datafield>
  <datafield tag="773" ind1="0" ind2=" ">
    <subfield code="t">Ciencias econ&#xF3;micas</subfield>
    <subfield code="g">- A&#xF1;o 7, Vol. 1 (feb. 2010)</subfield>
    <subfield code="w">REV2567</subfield>
  </datafield>
  <datafield tag="999" ind1=" " ind2=" ">
    <subfield code="c">17567</subfield>
    <subfield code="d">17567</subfield>
  </datafield>
</record>
